Capitals of 1914 Countries - Statistics

General Stats
  • This quiz has been taken 1,246 times
  • The average score is 50 of 59
Answer Stats
Country Capital % Correct
Germany Berlin
96%
France Paris
96%
Italy Rome
96%
Austria-Hungary Vienna or Budapest
96%
Greece Athens
95%
Belgium Brussels
95%
Denmark Copenhagen
94%
Canada Ottawa
94%
Japan Tokyo
94%
Mexico Mexico City
93%
China Peking
93%
Bulgaria Sofia
93%
Argentina Buenos Aires
92%
Norway Kristiania
92%
Portugal Lisbon
92%
United Kingdom London
92%
Luxembourg Luxembourg
92%
Spain Madrid
92%
Monaco Monaco
92%
Netherlands Amsterdam
91%
Australia Canberra
91%
Ottoman Empire Constantinople
91%
Cuba Havana
91%
Brazil Rio de Janeiro
91%
Russia Saint Petersburg
90%
San Marino San Marino
90%
Chile Santiago
90%
Sweden Stockholm
90%
United States Washington, D.C
90%
Switzerland Bern
89%
Colombia Bogotá
89%
Romania Bucharest
89%
Peru Lima
89%
Panama Panama City
89%
Andorra Andorra-la-Vella
88%
Serbia Belgrade
87%
Bolivia La Paz or Sucre
87%
South Africa Pretoria, Cape Town or Bloemfontein
87%
New Zealand Wellington
87%
Ethiopia Addis Ababa
86%
Persia Tehran
86%
Guatemala Guatemala City
84%
Ecuador Quito
84%
El Salvador San Salvador
84%
Liechtenstein Vaduz
84%
Haiti Port-au-Prince
83%
Venezuela Caracas
82%
Nepal Kathmandu
81%
Uruguay Montevideo
81%
Siam Bangkok
80%
Dominican Republic Santo Domingo
79%
Paraguay Asunción
78%
Costa Rica San José
78%
Liberia Monrovia
73%
Nicaragua Managua
67%
Honduras Tegucigalpa
67%
Newfoundland St. John's
52%
Albania Durrës
41%
Montenegro Cetinje
21%
No matching quizzes found
Score Distribution
Percent of People with Each Score
Percentile by Number Answered
Your Score History
You have not taken this quiz